Promoción de la conciencia ambiental asociada al uso y gestión de pilas / (Registro nro. 32600)
[ vista simple ]
| 000 -CABECERA | |
|---|---|
| campo fijo de control de longitud | 01541nab a2200277 4500 |
| 003 - IDENTIFICADOR DEL NÚMERO DE CONTROL | |
| campo de control | AR-RoBPED |
| 005 - FECHA Y HORADE LA ULTIMA TRANSACCION | |
| campo de control | 20260422121555.0 |
| 008 - ELEMENTOS DE LONGITUD FIJA--INFORMACION GENERAL | |
| campo fijo de control de longitud | 260422b |||||||| |||| 00| 0 spa d |
| 040 ## - FUENTE CATALOGADORA | |
| Centro catalogador/agencia de origen | AR-RoBPED |
| 041 ## - IDIOMA | |
| Código de idioma para texto/pista de sonido o título independiente | spa |
| 100 1# - ENCABEZAMIENTO PRINCIPAL--AUTOR PERSONAL | |
| Nombre de persona | Peláez, María Paula |
| 9 (RLIN) | 22445 |
| Función | Profesora de Química |
| 245 1# - TITULO | |
| Título | Promoción de la conciencia ambiental asociada al uso y gestión de pilas / |
| 260 ## - PUBLICACION | |
| Lugar | Buenos Aires : |
| Editor | Noveduc, |
| Fecha | 2024 |
| 300 ## - DESCRIPCION FISICA | |
| Extensión | 10-13 p. |
| 500 ## - NOTA GENERAL | |
| Nota general | El estudio de pilas constituye una excelente oportunidad no solo para relacionar los conocimientos previos de los y las estudiantes con los nuevos saberes fisicoquímicos sino, fundamentalmente, para promover la reflexión y la generación de conciencia ambiental asociada al uso y gestión de estos dispositivos ampliamente utilizados en sus hogares. En el presente trabajo, se socializa la experiencia didáctica llevada a cabo con estudiantes de segundo año de educación secundaria al abordar el tema "Las pilas eléctricas", en el marco de la materia Fisicoquímica. |
| 650 #7 - TERMINO DE MATERIA--CONTROLADO | |
| Término controlado | ACTIVIDADES DIDACTICAS |
| 9 (RLIN) | 18754 |
| Término controlado | NIVEL MEDIO |
| 9 (RLIN) | 3552 |
| Término controlado | PILAS |
| 9 (RLIN) | 4029 |
| Término controlado | EXPERIENCIAS EDUCACIONALES |
| 9 (RLIN) | 18339 |
| Término controlado | EDUCACION AMBIENTAL |
| 9 (RLIN) | 11 |
| Término controlado | EXPERIMENTOS |
| 9 (RLIN) | 1658 |
| 700 1# - ENCABEZAMIENTO SECUNDARIO--AUTOR PERSONAL | |
| Nombre de persona | Kraser, Rocío B. |
| 9 (RLIN) | 24867 |
| Función | Profesora de Química |
| 773 0# - DOCUMENTO FUENTE | |
| Host Biblionumber | 20414 |
| Host Itemnumber | 41866 |
| Place, publisher, and date of publication | Buenos Aires : Noveduc, 1993- |
| Título | Novedades Educativas |
| Record control number | (AR-RoBPED)20414 |
| International Standard Serial Number | 03283534 |
| 942 ## - ELEMENTOS KOHA | |
| Fuente de clasificación | Universal Decimal Classification |
| Koha tipo de ítem | Revistas |
| Clasificación | 37(05) |
| Signatura librística | Nov 86 N° 398 (Sept.2024) |
| Número Koha | k.32600 |
| 945 ## - PROCESAMIENTO DE LA INFORMACIÓN LOCAL | |
| Catalogador y fecha | mar 04/2026 |
No hay ítems disponibles.